[Event "Ïåðâåíñòâî Ìîñêâû 2017 Ì15"]
[Site ""]
[Date "2017.11.11"]
[Round "1.8"]
[White "Lupolov, Boris"]
[Black "Gornostaev, Yakov"]
[Result "1-0"]
[WhiteElo "1847"]
[BlackElo "1570"]
[PlyCount "117"]
[EventDate "2017.11.11"]

1. d4 Nf6 2. c4 e6 3. Nf3 Bb4+ 4. Bd2 a5 5. a3 Bxd2+ 6. Qxd2 b6 7. Nc3 Bb7 8.
e3 d5 9. cxd5 Nxd5 10. Bb5+ c6 11. Bd3 O-O 12. Nxd5 exd5 13. Qc2 g6 14. Ne5 Qd6
15. h4 Nd7 16. f4 Nxe5 17. fxe5 Qe6 18. h5 Ba6 19. Bxa6 Rxa6 20. hxg6 fxg6 21.
Qe2 Ra7 22. O-O-O c5 23. Rhf1 Rc8 24. Kb1 c4 25. Rf6 Qe7 26. Qf3 Rd7 27. Rxb6
c3 28. Rc1 Rdd8 29. Qf6 Qxf6 30. Rxf6 Rf8 31. Rxc3 Rcd8 32. Rcc6 a4 33. g4 g5
34. Rcd6 Rxd6 35. Rxf8+ Kxf8 36. exd6 Ke8 37. Kc2 Kd7 38. Kd3 Kxd6 39. e4 Ke6
40. exd5+ Kxd5 41. Ke3 h6 42. Kd3 Ke6 43. Ke4 Ke7 44. Kf5 Kd6 45. Kg6 Kd5 46.
Kxh6 Kxd4 47. Kxg5 Kc4 48. Kf4 Kb3 49. g5 Kxb2 50. g6 Kxa3 51. g7 Kb2 52. g8=Q
a3 53. Qg2+ Kb1 54. Qf1+ Kb2 55. Qe2+ Kb1 56. Qd1+ Kb2 57. Qd4+ Kb3 58. Qa1 a2
59. Ke3 1-0

[Event "Ïåðâåíñòâî Ìîñêâû 2017 Ì15"]
[Site ""]
[Date "2017.11.11"]
[Round "1.9"]
[White "Boger, Juri"]
[Black "Dunaev, Denis"]
[Result "0-1"]
[WhiteElo "1641"]
[BlackElo "1878"]
[PlyCount "65"]
[EventDate "2017.11.11"]

1. e4 e6 2. d4 d5 3. exd5 exd5 4. Nf3 Nf6 5. c4 Bb4+ 6. Bd2 Bxd2+ 7. Nbxd2 O-O
8. Be2 Nc6 9. c5 Ne4 10. O-O Qf6 11. Nb3 Bg4 12. h3 Bh5 13. Bb5 Ng5 14. Be2
Rae8 15. Nxg5 Bxe2 16. Qd2 Bxf1 17. Rxf1 h6 18. Nf3 Re4 19. Re1 Rfe8 20. Kf1
Rxe1+ 21. Nxe1 Re4 22. Nc2 g5 23. f3 Rf4 24. Qe2 h5 25. Nd2 g4 26. hxg4 hxg4
27. Qe3 gxf3 28. gxf3 Qh4 29. Ke2 Qh2+ 30. Kd3 Qg3 31. Ne1 Rf6 32. Qe2 Kf8 33.
Kc3 {íå ïîíÿòíî} 0-1

[Event "Ïåðâåíñòâî Ìîñêâû 2017 Ì15"]
[Site ""]
[Date "2017.11.11"]
[Round "1.10"]
[White "Chervonenkis, Boris"]
[Black "Lutan, Gleb"]
[Result "1/2-1/2"]
[WhiteElo "1875"]
[BlackElo "1599"]
[PlyCount "72"]
[EventDate "2017.11.11"]

1. e4 c6 2. d4 d5 3. Nc3 dxe4 4. Nxe4 Bf5 5. Ng3 Bg6 6. Nh3 Nf6 7. Bc4 e6 8.
Nf4 Bd6 9. c3 Nbd7 10. O-O Qc7 11. Qf3 O-O 12. Nxg6 hxg6 13. Bg5 c5 14. Bb3 c4
15. Bc2 Nd5 16. h4 Bf4 17. Ne2 Bxg5 18. hxg5 Ne7 19. Qh3 e5 20. Rad1 Rad8 21.
f4 exd4 22. Nxd4 Nc6 23. f5 Ne7 24. fxg6 Nxg6 25. Bxg6 fxg6 26. Qe6+ Kh7 27.
Rfe1 Qg3 28. Re3 Qf2+ 29. Kh1 Rf4 30. Rh3+ Rh4 31. Rd2 Qf1+ 32. Kh2 Qf4+ 33.
Kh1 Qf1+ 34. Kh2 Qf4+ 35. Kh1 Qf1+ 36. Kh2 Qf4+ 1/2-1/2

[Event "Ïåðâåíñòâî Ìîñêâû 2017 Ì15"]
[Site ""]
[Date "2017.11.11"]
[Round "1.11"]
[White "Ochirov, Lidzhi"]
[Black "Levkin, Lev"]
[Result "1-0"]
[WhiteElo "1638"]
[BlackElo "1812"]
[Annotator ",immortal223"]
[PlyCount "40"]
[EventDate "2017.11.11"]

1. d4 Nf6 2. c4 c5 3. d5 e6 4. Nc3 exd5 5. cxd5 d6 6. e4 g6 7. Nge2 Bg7 8. Ng3
a6 9. a4 O-O 10. Bg5 Nbd7 11. Be2 Re8 12. O-O h6 13. Be3 Ne5 14. h3 b6 15. Qd2
Kh7 16. Rab1 Ra7 17. b4 Ree7 18. bxc5 bxc5 19. f4 Ned7 20. f5 Ne8 {î¥ à¯­ó²­®}1-0

[Event "Ïåðâåíñòâî Ìîñêâû 2017 Ì15"]
[Site ""]
[Date "2017.11.11"]
[Round "1.12"]
[White "Smelykh, Edvin"]
[Black "Kozhevnikov, Aleksandr"]
[Result "1-0"]
[WhiteElo "1861"]
[BlackElo "1315"]
[PlyCount "59"]
[EventDate "2017.11.11"]

1. e4 c5 2. Nf3 d6 3. d4 cxd4 4. Nxd4 Nf6 5. Nc3 g6 6. Be3 Bg7 7. f3 O-O 8. Qd2
Nc6 9. O-O-O Bd7 10. g4 Rc8 11. h4 h5 12. g5 Ne8 13. Nxc6 Rxc6 14. Bd4 Qc8 15.
Nd5 Qd8 16. Bxg7 Nxg7 17. Bb5 Rc5 18. Bxd7 Qxd7 19. Rhe1 Rfc8 20. c3 Ne8 21. e5
Nc7 22. Nxe7+ Qxe7 23. exd6 Qd7 24. Re7 Qc6 25. dxc7 Rxc7 26. Qd8+ Kg7 27. Rxc7
Qxc7 28. Qf6+ Kh7 29. Rd8 Rxc3+ 30. bxc3 1-0

[Event "Ïåðâåíñòâî Ìîñêâû 2017 Ì15"]
[Site ""]
[Date "2017.11.11"]
[Round "1.13"]
[White "Sakhin, Leonid"]
[Black "Karlov, Egor"]
[Result "0-1"]
[WhiteElo "1579"]
[BlackElo "1857"]
[PlyCount "103"]
[EventDate "2017.11.11"]

1. e4 c5 2. c3 d5 3. e5 Bf5 4. d4 e6 5. Bd3 Bxd3 6. Qxd3 Nc6 7. Nf3 Nge7 8. O-O
Ng6 9. a3 Be7 10. Be3 O-O 11. Nbd2 Qb6 12. Rfc1 cxd4 13. cxd4 a5 14. Rc2 a4 15.
Rac1 Ra6 16. Nb1 Na5 17. Nbd2 Raa8 18. Rc3 Qxb2 19. Rb1 Qa2 20. Rbc1 Nb3 21.
Nxb3 axb3 22. Rxb3 Rxa3 23. Rxa3 Bxa3 24. Rb1 Rb8 25. Nd2 Be7 26. Qc3 Qa7 27.
Qc7 Bd8 28. Qd7 Qa6 29. Qe8+ Nf8 30. Bg5 Bc7 31. Qe7 Qc6 32. Qb4 b6 33. Qb3 Ng6
34. h4 h6 35. h5 Nxe5 36. Bxh6 gxh6 37. dxe5 Bxe5 38. Nf3 Bg7 39. Qe3 Qd6 40.
Rc1 b5 41. Nd4 Qb6 42. Qf4 e5 43. Qf5 Qxd4 44. Rc7 Rf8 45. Rb7 b4 46. g4 e4 47.
g5 Qd1+ 48. Kg2 Qxh5 49. Qxd5 Qg4+ 50. Kf1 Qxg5 51. Qxe4 Bc3 52. Rd7 0-1

[Event "Ïåðâåíñòâî Ìîñêâû 2017 Ì15"]
[Site ""]
[Date "2017.11.11"]
[Round "1.14"]
[White "Tarasov, Danila"]
[Black "Akopjan, Gor"]
[Result "1-0"]
[WhiteElo "1853"]
[BlackElo "1465"]
[PlyCount "94"]
[EventDate "2017.11.11"]

1. e4 c5 2. d4 cxd4 3. c3 d3 4. Bxd3 d6 5. Nf3 Nf6 6. h3 a6 7. Be3 e6 8. O-O
Be7 9. Qe2 O-O 10. c4 Nc6 11. Nc3 Bd7 12. Rfd1 Qc7 13. Rac1 Rac8 14. b3 h6 15.
Bb1 Ne5 16. Nd4 Rfd8 17. f4 Nc6 18. Nf3 Be8 19. Qf2 Nd7 20. g4 Nc5 21. Kh1 b6
22. h4 Bf6 23. g5 Bxc3 24. Rxc3 h5 25. Ng1 a5 26. Qf3 g6 27. a3 Ne7 28. Ne2 Bc6
29. Nd4 Nf5 30. Nxc6 Qxc6 31. Bf2 Ne7 32. Kh2 d5 33. exd5 exd5 34. Bxc5 bxc5
35. cxd5 Nxd5 36. Rcd3 Qe6 37. Rxd5 Rxd5 38. Rxd5 Re8 39. Re5 Qd7 40. Rxe8+
Qxe8 41. Be4 Qd7 42. Bd5 Qf5 43. Qe4 Qxe4 44. Bxe4 Kf8 45. Kg3 Ke7 46. Bd5 f6
47. a4 Kd6 1-0

[Event "Ïåðâåíñòâî Ìîñêâû 2017 Ì15"]
[Site ""]
[Date "2017.11.11"]
[Round "1.15"]
[White "Ivanov, Stepan"]
[Black "Zakirov, Artur"]
[Result "1/2-1/2"]
[WhiteElo "1580"]
[BlackElo "1833"]
[PlyCount "63"]
[EventDate "2017.11.11"]

1. d4 d5 2. c4 e6 3. Nf3 dxc4 4. g3 Nf6 5. Bg2 Nc6 6. Qa4 Bb4+ 7. Bd2 Nd5 8. e3
Rb8 9. Qb5 Bxd2+ 10. Nfxd2 O-O 11. a3 a6 12. Qxc4 Na5 13. Qc2 b5 14. O-O Bb7
15. b4 Nc6 16. Nb3 e5 17. dxe5 Nxe5 18. Nc5 Nc4 19. Nxb7 Rxb7 20. Qe2 c6 21.
Rd1 Rd7 22. Bxd5 Rxd5 23. Nc3 Rxd1+ 24. Rxd1 Qc7 25. a4 Rd8 26. axb5 axb5 27.
Ra1 Qe5 28. Qc2 g6 29. Ra6 Rd2 30. Qe4 Qxc3 31. Qe7 Rd1+ 32. Kg2 {íå ïîíÿòíî}
1/2-1/2

[Event "Ïåðâåíñòâî Ìîñêâû 2017 Ì15"]
[Site ""]
[Date "2017.11.11"]
[Round "1.16"]
[White "Agabekov, Saveliy"]
[Black "Zurabian, Vage"]
[Result "1-0"]
[WhiteElo "1830"]
[BlackElo "1596"]
[PlyCount "94"]
[EventDate "2017.11.11"]

1. e4 c5 2. Nf3 d6 3. d4 cxd4 4. Qxd4 Nc6 5. Bb5 Bd7 6. Bxc6 Bxc6 7. Bg5 h6 8.
Bh4 Qd7 9. Nc3 e5 10. Qe3 Be7 11. O-O-O Bxh4 12. Nxh4 Ne7 13. Rd2 O-O 14. Rhd1
Rfd8 15. f4 Qc7 16. f5 f6 17. Kb1 b5 18. Ng6 Nxg6 19. fxg6 b4 20. Nd5 Qb7 21.
Qb3 Kh8 22. Rd3 a5 23. Rh3 a4 24. Qe3 Bxd5 25. Rxd5 b3 26. cxb3 axb3 27. axb3
Rd7 28. Rd3 Qa6 29. Qd2 Rc7 30. Rc3 Rca7 31. Rhd3 Qb7 32. Qe2 Ra1+ 33. Kc2 Qa6
34. Qf3 Ra2 35. Rd1 Rc8 36. Rxc8+ Qxc8+ 37. Kb1 Qa6 38. Qd3 Qa8 39. Qd5 Qa6 40.
Qc4 Ra1+ 41. Kc2 Ra5 42. Qxa6 Rxa6 43. b4 Kg8 44. Kb3 Kf8 45. g4 Ke7 46. Rc1
Ra7 47. b5 Kd7 {íå ïîíÿòíî} 1-0

[Event "Ïåðâåíñòâî Ìîñêâû 2017 Ì15"]
[Site ""]
[Date "2017.11.11"]
[Round "1.17"]
[White "Drobin, Maxim"]
[Black "Kurus, Artem"]
[Result "1-0"]
[WhiteElo "1634"]
[BlackElo "1829"]
[PlyCount "35"]
[EventDate "2017.11.11"]

1. e4 e5 2. Nf3 Nf6 3. Nxe5 d6 4. Nf3 Nxe4 5. Qe2 Qe7 6. Nc3 Nxc3 7. dxc3 Bg4
8. Be3 Nc6 9. O-O-O O-O-O 10. Qc4 Be6 11. Qa4 Bd7 12. Bb5 a6 13. Bxa6 bxa6 14.
Qxa6+ Kb8 15. Rd5 Nd4 16. Rxd4 c5 17. Rb4+ cxb4 18. Ba7+ 1-0

[Event "Ïåðâåíñòâî Ìîñêâû 2017 Ì15"]
[Site ""]
[Date "2017.11.11"]
[Round "1.18"]
[White "Lukyanenko, Artemiy"]
[Black "Zagorskii, Artem"]
[Result "1-0"]
[WhiteElo "1754"]
[BlackElo "1612"]
[PlyCount "73"]
[EventDate "2017.11.11"]

1. d4 Nf6 2. Nf3 g6 3. Nc3 d5 4. Bf4 Bg7 5. e3 O-O 6. Be2 c5 7. Ne5 Nc6 8. O-O
cxd4 9. exd4 Bf5 10. Nxc6 bxc6 11. Re1 Ne4 12. Nxe4 Bxe4 13. c3 h5 14. Bd3 Bxd3
15. Qxd3 Re8 16. Re2 c5 17. Be5 Rc8 18. Bxg7 Kxg7 19. dxc5 e6 20. b4 a5 21. a4
Qc7 22. g3 Kh7 23. Qd4 Rcd8 24. f4 Rc8 25. Qe5 Qc6 26. h3 Rb8 27. Qd4 Rec8 28.
g4 Ra8 29. Rea2 Rab8 30. Rg2 h4 31. g5 Rh8 32. b5 Qc7 33. Rg4 Kg8 34. c6 Re8
35. Re1 Qd6 36. Re2 Re7 {íå ïîíÿòíî} 37. Kg2 1-0

[Event "Ïåðâåíñòâî Ìîñêâû 2017 Ì15"]
[Site ""]
[Date "2017.11.11"]
[Round "1.19"]
[White "Nikulshin, Alexey"]
[Black "Plaksin, Igor"]
[Result "0-1"]
[WhiteElo "1437"]
[BlackElo "1720"]
[PlyCount "60"]
[EventDate "2017.11.11"]

1. e4 e5 2. Nf3 Nc6 3. Bc4 Nf6 4. Ng5 d5 5. exd5 Na5 6. Bb5+ c6 7. dxc6 bxc6 8.
Qf3 Be7 9. Bd3 h6 10. Ne4 Nd5 11. Ng3 Nf4 12. Be4 O-O 13. O-O f5 14. Bxc6 e4
15. Qxf4 Nxc6 16. Qe3 Nd4 17. Ne2 Nxe2+ 18. Qxe2 Bb7 19. Nc3 Qd4 20. Qe3 Qf6
21. d3 f4 22. Qd2 f3 23. Nxe4 Bxe4 24. dxe4 Rad8 25. Qe3 Qg6 26. g3 Qg4 27. Kh1
Qh3 28. Rg1 Rd1 29. Qb3+ Kh8 30. Bf4 Qg2# 0-1

[Event "Ïåðâåíñòâî Ìîñêâû 2017 Ì15"]
[Site ""]
[Date "2017.11.11"]
[Round "1.20"]
[White "Kirchei, Viktoriia"]
[Black "Pavlov, Ivan"]
[Result "1-0"]
[WhiteElo "1808"]
[BlackElo "1494"]
[PlyCount "97"]
[EventDate "2017.11.11"]

1. e4 e6 2. d4 d5 3. exd5 exd5 4. Bd3 Bd6 5. Qf3 Nf6 6. h3 h6 7. Ne2 O-O 8. O-O
Re8 9. Nf4 c6 10. Nc3 Nbd7 11. Nce2 Nf8 12. Ng3 Ne6 13. Nxe6 Bxe6 14. Be3 b6
15. Rfe1 a6 16. c3 c5 17. a4 c4 18. Bc2 Rb8 19. Bd2 b5 20. axb5 axb5 21. Nf5
Bxf5 22. Rxe8+ Qxe8 23. Qxf5 Qd7 24. Qf3 Qc6 25. b4 Ra8 26. Re1 Re8 27. Rxe8+
Qxe8 28. g3 Ne4 29. Qe2 Qe7 30. Be1 Nf6 31. Qxe7 Bxe7 32. Kg2 g6 33. Kf3 Bd6
34. Bd2 h5 35. g4 Kf8 36. Bg5 Ke7 37. gxh5 gxh5 38. Bf5 Bc7 39. Bc8 Bd6 40. Ba6
Ke6 41. Bd2 Ne4 42. Be1 Ng5+ 43. Kg2 Bf4 44. Bxb5 Bc1 45. f3 Kf5 46. Bd7+ Kf4
47. b5 Ke3 48. b6 Ba3 49. b7 1-0

[Event "Ïåðâåíñòâî Ìîñêâû 2017 Ì15"]
[Site ""]
[Date "2017.11.11"]
[Round "1.21"]
[White "Ratataev, Ilya"]
[Black "Rustamov, Sezqin"]
[Result "1/2-1/2"]
[WhiteElo "1453"]
[BlackElo "1694"]
[PlyCount "29"]
[EventDate "2017.11.11"]

1. e4 c5 2. c3 Nc6 3. d4 cxd4 4. cxd4 d6 5. Nf3 Nf6 6. Nc3 g6 7. Bb5 Bd7 8. O-O
a6 9. Ba4 b5 10. Bc2 Bg4 11. Be3 Bg7 12. h3 Bxf3 13. Qxf3 Rc8 14. Rfd1 O-O 15.
a3 {íå ïîíÿòíî} 1/2-1/2

[Event "Ïåðâåíñòâî Ìîñêâû 2017 Ì15"]
[Site ""]
[Date "2017.11.11"]
[Round "1.22"]
[White "Makhauri, Eli"]
[Black "Gubanov, Timofey"]
[Result "1-0"]
[WhiteElo "1719"]
[BlackElo "1538"]
[PlyCount "64"]
[EventDate "2017.11.11"]

1. d4 Nf6 2. c4 e6 3. Nc3 d5 4. Bg5 Nbd7 5. e3 Be7 6. Nf3 c6 7. cxd5 cxd5 8.
Bd3 a6 9. O-O O-O 10. Qe2 b5 11. Rac1 Nb6 12. Ne5 Bb7 13. Bxf6 Bxf6 14. f4 Nc4
15. b3 Nd6 16. Rf3 g6 17. Rh3 Qe7 18. Rf1 Rac8 19. Qb2 Ne4 20. Nxe4 dxe4 21.
Bc2 Bg7 22. Bd1 Rc7 23. a4 Rfc8 24. Qe2 Qb4 25. Qf2 Qe7 26. g4 f5 27. gxf5 exf5
28. axb5 axb5 29. Kg2 Bf6 30. Qe2 Qb4 31. Rg1 Rg7 32. Qa2 Rc1 {íå ïîíÿòíî} 1-0

[Event "Ïåðâåíñòâî Ìîñêâû 2017 Ì15"]
[Site ""]
[Date "2017.11.11"]
[Round "1.23"]
[White "Zlotin, Grigori"]
[Black "Gerasimov, Vadim"]
[Result "0-1"]
[WhiteElo "1479"]
[BlackElo "1700"]
[PlyCount "60"]
[EventDate "2017.11.11"]

1. d4 d5 2. Nf3 Nf6 3. c4 c6 4. e3 e6 5. Nc3 Bd6 6. Be2 O-O 7. O-O Nbd7 8. cxd5
exd5 9. Qc2 Re8 10. Bd3 Qe7 11. Re1 Ne4 12. Bxe4 dxe4 13. Nd2 Nf6 14. f3 Bf5
15. b3 Bg6 16. f4 Nd5 17. Nc4 Nb4 18. Qe2 Nd3 19. Rf1 f6 20. Nb2 Bb4 21. Ncd1
c5 22. f5 Nxc1 23. Rxc1 Bf7 24. dxc5 Bxc5 25. Nc3 Rac8 26. Nca4 Bh5 27. Qc4+
Bf7 28. Qc3 Bb4 29. Qxc8 Rxc8 30. Rxc8+ Be8 {íå ïîíÿòíî} 0-1

[Event "Ïåðâåíñòâî Ìîñêâû 2017 Ì15"]
[Site ""]
[Date "2017.11.11"]
[Round "1.24"]
[White "Vdovin, Georgy"]
[Black "Presnyakov, Oleg"]
[Result "0-1"]
[WhiteElo "1664"]
[BlackElo "1403"]
[PlyCount "88"]
[EventDate "2017.11.11"]

1. Nf3 Nf6 2. d4 g6 3. c4 Bg7 4. g3 d6 5. Bg2 O-O 6. O-O c6 7. Nc3 Nbd7 8. Qc2
a6 9. Rd1 Rb8 10. e4 b5 11. cxb5 cxb5 12. e5 Ne8 13. Bf4 Bb7 14. e6 fxe6 15.
Ng5 Nc7 16. Bxb7 Rxb7 17. Qe4 Rb8 18. Nxe6 Nxe6 19. Qxe6+ Rf7 20. Ne4 Nf6 21.
Ng5 Qf8 22. Rac1 h6 23. Nxf7 Qxf7 24. Qxf7+ Kxf7 25. Be3 Nd5 26. a3 a5 27. Rc6
a4 28. Kg2 b4 29. Rc4 bxa3 30. bxa3 Rb2 31. Rd3 Rb3 32. Rxb3 axb3 33. Bc1 e5
34. Rc8 exd4 35. Rb8 Nc3 36. Rxb3 Ke6 37. Kf1 Kd5 38. Ke1 Kc4 39. Rb4+ Kd3 40.
a4 Kc2 41. Bb2 d3 42. Bc1 Kxc1 43. Rb2 Kxb2 44. Kd2 Nxa4 0-1

[Event "Ïåðâåíñòâî Ìîñêâû 2017 Ì15"]
[Site ""]
[Date "2017.11.11"]
[Round "1.25"]
[White "Khromov, Pavel"]
[Black "Ivlev, Aleksandr"]
[Result "0-1"]
[WhiteElo "1368"]
[BlackElo "1716"]
[PlyCount "87"]
[EventDate "2017.11.11"]

1. e4 c6 2. d4 d5 3. Nc3 dxe4 4. Nxe4 Nf6 5. Nxf6+ exf6 6. Nf3 Bg4 7. Be2 Be7
8. Bf4 O-O 9. O-O Qb6 10. Rb1 Rd8 11. c3 Bf5 12. Bd3 Be6 13. b3 c5 14. Qc2 h6
15. Rfe1 Nc6 16. Be3 Rac8 17. dxc5 Bxc5 18. Rbd1 Nb4 19. Bxc5 Rxc5 20. Bh7+ Kh8
21. Rxd8+ Qxd8 22. Qb2 Nxa2 23. Qxa2 Kxh7 24. c4 a6 25. Qe2 b5 26. Qe3 Qc7 27.
cxb5 Rxb5 28. Nd4 Re5 29. Qd3+ Bf5 30. Qd2 Rxe1+ 31. Qxe1 Qf4 32. Nxf5 Qxf5 33.
b4 Qd3 34. h3 f5 35. g3 f4 36. gxf4 Qxh3 37. Qe4+ f5 38. Qc4 Qg4+ 39. Kf1 Qg6
40. Qd3 h5 41. Qh3 Qg4 42. Qxg4 fxg4 43. Kg2 h4 44. Kh1 0-1

[Event "Ïåðâåíñòâî Ìîñêâû 2017 Ì15"]
[Site ""]
[Date "2017.11.11"]
[Round "1.26"]
[White "Pak, Nikita"]
[Black "Kolobov, Dmitriy"]
[Result "1-0"]
[WhiteElo "1710"]
[BlackElo "1514"]
[PlyCount "119"]
[EventDate "2017.11.11"]

1. e4 e5 2. Nf3 Nc6 3. Bc4 Bc5 4. c3 Nf6 5. d3 h6 6. Nbd2 d6 7. h3 O-O 8. Bb3
a5 9. Nf1 Re8 10. Ng3 d5 11. O-O d4 12. Nh4 b5 13. Nhf5 Bxf5 14. Nxf5 a4 15.
Bc2 Ne7 16. cxd4 exd4 17. Ng3 Ng6 18. Kh1 Nd7 19. f4 Nf6 20. a3 Qd7 21. b4 Bb6
22. Bb1 c5 23. bxc5 Bxc5 24. Ba2 b4 25. axb4 Bxb4 26. e5 Nd5 27. Bxd5 Qxd5 28.
Rxa4 Rab8 29. Bd2 Bxd2 30. Qxd2 Red8 31. Nf5 Qc5 32. Rc1 Qb5 33. Rxd4 Rxd4 34.
Nxd4 Qb4 35. Qe3 Qb2 36. Rc4 Nh4 37. Qg3 Qa1+ 38. Kh2 Ng6 39. Nc2 Qf1 40. e6
Nh8 41. f5 Re8 42. Rg4 g5 43. fxg6 fxg6 44. Re4 Qf6 45. Nd4 g5 46. Qf3 Qg6 47.
Qf5 Qg7 48. Qe5 Qh7 49. Nf5 Ng6 50. Qd5 Ne7 51. Qd7 Kf8 52. Nxe7 Qxe7 53. Qxe7+
Kxe7 54. Kg3 h5 55. Re5 Kf6 56. d4 Re7 57. h4 gxh4+ 58. Kxh4 Rxe6 59. Rxe6+
Kxe6 60. Kxh5 1-0

[Event "Ïåðâåíñòâî Ìîñêâû 2017 Ì15"]
[Site ""]
[Date "2017.11.11"]
[Round "1.27"]
[White "Shekun, Ilya"]
[Black "Arbuzov, Timofey"]
[Result "0-1"]
[WhiteElo "1194"]
[BlackElo "1658"]
[PlyCount "70"]
[EventDate "2017.11.11"]

1. d4 Nf6 2. c4 d6 3. g3 g6 4. Bg2 Bg7 5. Nc3 O-O 6. e4 Nbd7 7. f4 e5 8. Nf3
exd4 9. Nxd4 Re8 10. O-O Nc5 11. Re1 a5 12. h3 c6 13. b3 Qc7 14. Rb1 Nfd7 15.
Bb2 f5 16. Qd2 fxe4 17. Nxe4 Nxe4 18. Rxe4 Rxe4 19. Bxe4 Nf6 20. Bg2 Bd7 21.
Re1 Kf7 22. Re3 Re8 23. Qe2 Qd8 24. Nf3 h6 25. Bxf6 Bxf6 26. Rxe8 Qxe8 27.
Qxe8+ Bxe8 28. Kf2 Ke6 29. Ke3 g5 30. fxg5 hxg5 31. Nd4+ Ke5 32. Be4 d5 33.
cxd5 cxd5 34. Bf5 Be7 35. Bc8 Bc5 0-1

[Event "Ïåðâåíñòâî Ìîñêâû 2017 Ì15"]
[Site ""]
[Date "2017.11.12"]
[Round "2.1"]
[White "Makarian, Rudik"]
[Black "Lukyanenko, Artemiy"]
[Result "1-0"]
[WhiteElo "2263"]
[BlackElo "1754"]
[PlyCount "69"]
[EventDate "2017.11.11"]

1. d4 d6 2. e4 g6 3. c4 Bg7 4. Nc3 Nd7 5. Nf3 e5 6. d5 a5 7. Be2 Ne7 8. h4 Nf6
9. Bg5 Bd7 10. Nd2 h6 11. Be3 c6 12. g4 Nfg8 13. Qc2 Rc8 14. Qd3 c5 15. h5 g5
16. b3 Rb8 17. a3 b6 18. b4 axb4 19. axb4 Ra8 20. O-O Nf6 21. f3 O-O 22. Nb3
Rxa1 23. Rxa1 Nc8 24. bxc5 bxc5 25. Nxc5 dxc5 26. Bxc5 Re8 27. Be3 Bf8 28. c5
Ne7 29. Ra6 Kg7 30. Qd2 Bc8 31. Ra4 Nh7 32. Bb5 Ng8 33. d6 Re6 34. d7 Ne7 35.
Ra8 1-0

[Event "Ïåðâåíñòâî Ìîñêâû 2017 Ì15"]
[Site ""]
[Date "2017.11.12"]
[Round "2.2"]
[White "Plaksin, Igor"]
[Black "Dudin, Gleb"]
[Result "0-1"]
[WhiteElo "1720"]
[BlackElo "2133"]
[PlyCount "62"]
[EventDate "2017.11.11"]

1. e4 e6 2. d4 d5 3. Nc3 Nf6 4. e5 Nfd7 5. f4 c5 6. Nf3 Nc6 7. Be3 cxd4 8. Nxd4
Bc5 9. Na4 Bxd4 10. Bxd4 Qa5+ 11. c3 Nxd4 12. Qxd4 b6 13. Qb4 Qxb4 14. cxb4 g5
15. g3 Nf8 16. Nc3 gxf4 17. gxf4 Ng6 18. Bb5+ Bd7 19. Bxd7+ Kxd7 20. Rf1 Rac8
21. a3 Rc4 22. Kd2 Nh4 23. Rac1 Rhc8 24. b3 R4c7 25. Kd3 Nf5 26. Rg1 h6 27. h3
Ke7 28. Rgf1 Ng3 29. Rg1 Rxc3+ 30. Rxc3 Rxc3+ 31. Kxc3 Ne2+ 0-1

[Event "Ïåðâåíñòâî Ìîñêâû 2017 Ì15"]
[Site ""]
[Date "2017.11.12"]
[Round "2.3"]
[White "Kirchei, Viktoriia"]
[Black "Zhukov, Anton"]
[Result "0-1"]
[WhiteElo "1808"]
[BlackElo "2006"]
[PlyCount "74"]
[EventDate "2017.11.11"]

1. e4 c6 2. d4 d5 3. exd5 cxd5 4. c4 Nf6 5. Nc3 g6 6. Nf3 Bg7 7. Qb3 O-O 8. h3
Nc6 9. cxd5 Na5 10. Qd1 Nxd5 11. Be2 Nc6 12. O-O e6 13. Bg5 Qb6 14. Na4 Qb4 15.
a3 Qd6 16. Qd2 b6 17. Rfd1 Bb7 18. Nc3 Nxc3 19. bxc3 Rac8 20. Ra2 Na5 21. Bf4
Qe7 22. Ne5 Bd5 23. Rc2 Bb3 24. Ba6 Rcd8 25. Ra1 Bxc2 26. Qxc2 f6 27. Nf3 Qd7
28. c4 Nc6 29. d5 exd5 30. cxd5 Ne5 31. Bxe5 fxe5 32. Re1 Qe7 33. Nd4 Qxa3 34.
Ne6 Qxa6 35. Nxf8 Rxf8 36. Qc7 Qa2 37. Rf1 Qxd5 0-1

[Event "Ïåðâåíñòâî Ìîñêâû 2017 Ì15"]
[Site ""]
[Date "2017.11.12"]
[Round "2.4"]
[White "Mishuris, Matvey"]
[Black "Makhauri, Eli"]
[Result "1-0"]
[WhiteElo "2005"]
[BlackElo "1719"]
[PlyCount "49"]
[EventDate "2017.11.11"]

1. d4 Nf6 2. Nf3 g6 3. g3 Bg7 4. Bg2 d6 5. c4 O-O 6. Nc3 Nbd7 7. O-O e5 8. e4
exd4 9. Nxd4 c6 10. h3 Qc7 11. Be3 a6 12. Rc1 Re8 13. Qc2 Nc5 14. b4 Ne6 15.
Nb3 Qe7 16. Rfe1 Bd7 17. Rcd1 Nh5 18. Qd2 Be5 19. Ne2 Nf8 20. g4 d5 21. cxd5
Ng7 22. d6 Qe6 23. f4 Bf6 24. Nc5 Qc4 25. Rc1 1-0

[Event "Ïåðâåíñòâî Ìîñêâû 2017 Ì15"]
[Site ""]
[Date "2017.11.12"]
[Round "2.5"]
[White "Gerasimov, Vadim"]
[Black "Privalov, Igor"]
[Result "1-0"]
[WhiteElo "1700"]
[BlackElo "1992"]
[PlyCount "72"]
[EventDate "2017.11.11"]

1. e4 c5 2. Nf3 d6 3. d4 cxd4 4. Nxd4 Nf6 5. Nc3 g6 6. Be3 Bg7 7. f3 a6 8. a4
e5 9. Nb3 Be6 10. Qd2 Nc6 11. Rd1 Nb4 12. Nb1 Bxb3 13. cxb3 Qa5 14. Nc3 O-O 15.
Bc4 Rfd8 16. O-O b5 17. Qf2 Rab8 18. axb5 axb5 19. Ra1 Qc7 20. Nxb5 Qc6 21. Nc3
d5 22. exd5 Nfxd5 23. Nxd5 Nxd5 24. Ra6 Qb7 25. Ra7 Qb4 26. Bc5 Bh6 27. Bxb4
Be3 28. Bc5 Bxf2+ 29. Kxf2 Nf4 30. Bxf7+ Kh8 31. Be3 Nd3+ 32. Kg3 Nxb2 33. Bg5
Rd6 34. Rd7 Rbb6 35. Bd8 Rbc6 36. Bd5 Ra6 1-0

[Event "Ïåðâåíñòâî Ìîñêâû 2017 Ì15"]
[Site ""]
[Date "2017.11.12"]
[Round "2.6"]
[White "Ivlev, Aleksandr"]
[Black "Lupolov, Boris"]
[Result "1-0"]
[WhiteElo "1716"]
[BlackElo "1847"]
[PlyCount "57"]
[EventDate "2017.11.11"]

1. d4 Nf6 2. Nf3 d5 3. Bf4 c5 4. c3 Nc6 5. e3 Qb6 6. Qc2 cxd4 7. Nxd4 g6 8.
Nxc6 Bf5 9. Bd3 Bxd3 10. Qxd3 bxc6 11. Qc2 Bg7 12. Nd2 O-O 13. h3 Nd7 14. O-O
e5 15. Bh2 Rab8 16. Rab1 Rbe8 17. c4 f5 18. b4 e4 19. Qb3 Qb7 20. Rfd1 Ne5 21.
Bxe5 Bxe5 22. a4 Kg7 23. Nf1 Rd8 24. b5 dxc4 25. Qxc4 Rxd1 26. Rxd1 cxb5 27.
Qe6 Qb8 28. Rd7+ Kh8 29. Qe7 1-0

[Event "Ïåðâåíñòâî Ìîñêâû 2017 Ì15"]
[Site ""]
[Date "2017.11.12"]
[Round "2.7"]
[White "Dunaev, Denis"]
[Black "Pak, Nikita"]
[Result "1/2-1/2"]
[WhiteElo "1878"]
[BlackElo "1710"]
[PlyCount "77"]
[EventDate "2017.11.11"]

1. d4 Nf6 2. c4 g6 3. Nc3 d5 4. cxd5 Nxd5 5. Bd2 Bg7 6. e4 Nxc3 7. Bxc3 c5 8.
d5 Bxc3+ 9. bxc3 e6 10. Bb5+ Bd7 11. Bxd7+ Qxd7 12. Nf3 O-O 13. O-O exd5 14.
Qxd5 Qe7 15. Rab1 Nc6 16. Qg5 Qxg5 17. Nxg5 h6 18. Nh3 b6 19. Nf4 Ne5 20. Rfd1
g5 21. Nd5 Kg7 22. Ne3 Rfd8 23. Kf1 Rd3 24. Rxd3 Nxd3 25. Nd5 Re8 26. Ke2 c4
27. f3 f5 28. Ke3 fxe4 29. fxe4 Nc5 30. Kf3 Rxe4 31. g4 Re8 32. Ne3 Ne4 33. Rc1
Nd2+ 34. Ke2 Ne4 35. Kf3 Nd2+ 36. Ke2 Ne4 37. Kf3 Nd2+ 38. Ke2 Ne4 39. Kf3
1/2-1/2

[Event "Ïåðâåíñòâî Ìîñêâû 2017 Ì15"]
[Site ""]
[Date "2017.11.12"]
[Round "2.8"]
[White "Arbuzov, Timofey"]
[Black "Smelykh, Edvin"]
[Result "0-1"]
[WhiteElo "1658"]
[BlackElo "1861"]
[PlyCount "80"]
[EventDate "2017.11.11"]

1. e4 c5 2. Nf3 e6 3. d3 Nc6 4. Nbd2 d5 5. g3 Nf6 6. Bg2 Be7 7. O-O O-O 8. e5
Nd7 9. Re1 Qc7 10. Qe2 Rd8 11. Nf1 Nf8 12. h4 f6 13. exf6 Bxf6 14. Bf4 Qb6 15.
c3 Ng6 16. Bg5 Be7 17. Bh3 Nf8 18. Bf4 Bd6 19. Bxd6 Rxd6 20. Ne3 Rd8 21. Ng4
Ne7 22. Nge5 Nf5 23. g4 Nd6 24. h5 Qc7 25. Qe3 c4 26. g5 cxd3 27. Qxd3 Nc4 28.
b3 Nxe5 29. Rxe5 Bd7 30. Rae1 Rac8 31. R1e3 Be8 32. Bg4 Bf7 33. Nh4 Nd7 34.
Rxe6 Bxe6 35. Bxe6+ Kh8 36. Nf5 Nc5 37. Qd4 Nxe6 38. Rxe6 Qxc3 39. Qh4 Qf3 40.
Qg3 Rc1+ 0-1

[Event "Ïåðâåíñòâî Ìîñêâû 2017 Ì15"]
[Site ""]
[Date "2017.11.12"]
[Round "2.9"]
[White "Karlov, Egor"]
[Black "Ochirov, Lidzhi"]
[Result "1-0"]
[WhiteElo "1857"]
[BlackElo "1638"]
[PlyCount "53"]
[EventDate "2017.11.11"]

1. d4 Nf6 2. c4 e6 3. Nc3 d5 4. Nf3 Be7 5. Bf4 a6 6. e3 O-O 7. Bd3 dxc4 8. Bxc4
b5 9. Bd3 Nbd7 10. O-O c5 11. Ne4 Bb7 12. Nxf6+ Nxf6 13. dxc5 Bxc5 14. Ne5 h6
15. Qe2 Nd7 16. Nxd7 Qxd7 17. Rfd1 Qc6 18. Qg4 Kh8 19. Rac1 f5 20. Qg3 Qb6 21.
b4 Bxb4 22. Rc7 Rg8 23. Bxh6 Qxc7 24. Qxc7 Bd5 25. Bg5 Rgc8 26. Qf4 Ba3 27. e4
1-0